Nürnberg Ice Tigers Kader 2025/26 - Statistiken

Allgemein
  • Dieses Quiz wurde 13 mal gespielt
  • Das Durchschnittsergebnis liegt bei 21 aus 28
Antwortstatistiken
Spieler % Korrekt
Cody Haiskanen
100%
Constantin Braun
100%
Evan Fitzpatrick
100%
Jakob Weber
100%
Josef Eham
100%
Julius Karrer
100%
Marcus Weber
100%
Niklas Treutle
100%
Owen Headrick
100%
Samuel Dove-McFalls
100%
Thomas Heigl
100%
Brett Murray
86%
Evan Barratt
86%
Jochen Hecht
86%
Mitch O'Keefe
86%
Cole Maier
71%
Justus Böttner
71%
Luca Ganz
71%
Roman Kechter
71%
Charlie Gerard
57%
Greg Meireles
57%
Maximilian Merkl
57%
Timo Bakos
57%
Tyler Spezia
57%
Will Graber
57%
Puki
43%
Eugen Alanov
29%
Jake Ustdorf
0%
Keine übereinstimmenden Quizze gefunden
Verteilung der Resultate
Anzahl Personen mit jedem Resultat
Perzentil nach korrekt beantworteten Fragen
Ihre Resultats-Entwicklung
Sie haben dieses Quiz noch nicht gespielt